Ganish Village: (Record no. 353683)

000 -LEADER
fixed length control field 00594nam a22001817a 4500
003 - CONTROL NUMBER IDENTIFIER
control field OSt
005 - DATE AND TIME OF LATEST TRANSACTION
control field 20240807145229.0
008 - FIXED-LENGTH DATA ELEMENTS--GENERAL INFORMATION
fixed length control field 130508t xxu||||| |||| 00| 0 eng d
040 ## - CATALOGING SOURCE
Transcribing agency orginal
082 ## - DEWEY DECIMAL CLASSIFICATION NUMBER
Classification number 702.88
110 0# - MAIN ENTRY--CORPORATE NAME
Corporate name or jurisdiction name as entry element Aga Khan Cultural Service Pakistan
9 (RLIN) 125051
245 10 - TITLE STATEMENT
Title Ganish Village:
Remainder of title integrated conservation and rehabilitation project
Statement of responsibility, etc. Aga Khan cultureal Service Pakistan
260 ## - PUBLICATION, DISTRIBUTION, ETC.
Place of publication, distribution, etc. Rawalpindi, Pak:
Name of publisher, distributor, etc. Colorline,
Date of publication, distribution, etc. 2002
300 ## - PHYSICAL DESCRIPTION
Extent 20 p.
650 ## - SUBJECT ADDED ENTRY--TOPICAL TERM
Topical term or geographic name entry element Restoration
General subdivision Art
9 (RLIN) 125052
942 ## - ADDED ENTRY ELEMENTS (KOHA)
Source of classification or shelving scheme
Koha item type Book
Holdings
Withdrawn status Lost status Source of classification or shelving scheme Damaged status Not for loan Permanent Location Current Location Date acquired Source of acquisition Full call number Barcode Date last seen Copy number Cost, replacement price Price effective from Koha item type
          School of Art Design and Architecture (SADA) School of Art Design and Architecture (SADA) 04/23/2013 Donation 702.88 AGA 2002 SADAD0000055 01/05/2017 1 0.00 01/05/2017 Book
© 2023 Central Library, National University of Sciences and Technology. All Rights Reserved.